[Event "AUT-ch Vor1 Internet"]
[Site "Playchess.com INT"]
[Date "2020.04.11"]
[Round "3"]
[White "Perhinig, Robert"]
[Black "Rieger, Robert"]
[Result "0-1"]
[WhiteElo "2252"]
[BlackElo "2307"]
[PlyCount "56"]
[EventDate "2020.04.11"]
[EventType "swiss (blitz)"]
[EventRounds "9"]
[EventCountry "AUT"]
[SourceTitle "CBM 195 Extra"]
[Source "ChessBase"]
[SourceDate "2020.05.31"]
[SourceVersion "1"]
[SourceVersionDate "2020.05.31"]
[SourceQuality "1"]

1. d4 d5 2. Bf4 Nf6 3. e3 c5 4. c3 Nc6 5. Nd2 Bf5 6. Ngf3 e6 7. Qb3 Qc8 8. Bb5 Be7 9. Ne5 Nd7 10. Ndf3 Ndxe5 11. Nxe5 0-0 12. Bxc6 bxc6 13. Qa4 Qb7 14. Nxc6 Bf6 15. b3 Bd3 16. Ne5 Bb5 17. Qa5 Bd8 18. Qa3 cxd4 19. exd4 Rc8 20. Rc1 f6 21. Nf3 Re8 22. Nd2 e5 23. Be3 Bb6 24. dxe5 d4 25. cxd4 Qxg2 26. Rf1 Rxc1+ 27. Qxc1 fxe5 28. d5 Bxe3 0-1

[Event "AUT-ch Vor1 Internet"]
[Site "Playchess.com INT"]
[Date "2020.04.11"]
[Round "5"]
[White "Weichhart, Daniel"]
[Black "Perhinig, Robert"]
[Result "0-1"]
[WhiteElo "1648"]
[BlackElo "2252"]
[PlyCount "103"]
[EventDate "2020.04.11"]
[EventType "swiss (blitz)"]
[EventRounds "9"]
[EventCountry "AUT"]
[SourceTitle "CBM 195 Extra"]
[Source "ChessBase"]
[SourceDate "2020.05.31"]
[SourceVersion "1"]
[SourceVersionDate "2020.05.31"]
[SourceQuality "1"]

1. e4 e6 2. d4 d5 3. e5 c5 4. c3 Nc6 5. Nf3 Qb6 6. Na3 cxd4 7. cxd4 Nge7 8. Nc2 Nf5 9. Be2 Nb4 10. Nxb4 Bxb4+ 11. Bd2 Bxd2+ 12. Qxd2 Bd7 13. 0-0 Rc8 14. Rfc1 0-0 15. a4 a5 16. Rxc8 Rxc8 17. g4 Ne7 18. Bd3 Nc6 19. Rc1 Qb4 20. Qxb4 Nxb4 21. Rxc8+ Bxc8 22. Ne1 Bd7 23. b3 Kf8 24. Kf1 h6 25. Ke2 f6 26. f4 Ke7 27. Nf3 g5 28. fxg5 fxg5 29. h4 gxh4 30. Nxh4 Nxd3 31. Kxd3 b5 32. axb5 Bxb5+ 33. Ke3 Kf7 34. Ng2 Ke7 35. Nf4 Be8 36. Kf3 Bf7 37. Ke2 Kd7 38. Kd2 Kc6 39. Kc3 Kb5 40. Nd3 Bg6 41. Nc5 Bf7 42. Kd3 Kb4 43. Nb7 Bg6+ 44. Ke3 Bf7 45. Nd6 Kxb3 46. Nxf7 a4 47. Nxh6 a3 48. g5 a2 49. g6 a1Q 50. Ng4 Qc1+ 51. Kf3 Qg5 52. g7 0-1

[Event "GER-ch Net blitz qual5"]
[Site "Playchess.com INT"]
[Date "2020.03.28"]
[Round "4"]
[White "Foerster, Erik"]
[Black "Perhinig, Robert"]
[Result "0-1"]
[WhiteElo "2064"]
[BlackElo "2241"]
[PlyCount "46"]
[EventDate "2020.03.28"]
[EventType "swiss (blitz)"]
[EventRounds "13"]
[EventCountry "GER"]
[SourceTitle "CBM 195 Extra"]
[Source "ChessBase"]
[SourceDate "2020.05.31"]
[SourceVersion "1"]
[SourceVersionDate "2020.05.31"]
[SourceQuality "1"]

1. d4 d5 2. Nf3 Nf6 3. g3 c6 4. Bg2 g6 5. 0-0 Bg7 6. Be3 0-0 7. Qc1 Re8 8. h3 Nbd7 9. c4 dxc4 10. Qxc4 e5 11. dxe5 Nxe5 12. Nxe5 Rxe5 13. Nc3 Re7 14. Rfd1 Rd7 15. Qb3 Qe7 16. Rxd7 Nxd7 17. Rd1 Nf6 18. Bg5 Be6 19. Qa4 Qc5 20. Be3 Qc4 21. Qxa7 Rxa7 22. Rd8+ Bf8 23. Bh6 Nd7 0-1

[Event "GER-ch Net blitz qual5"]
[Site "Playchess.com INT"]
[Date "2020.03.28"]
[Round "12"]
[White "Perhinig, Robert"]
[Black "Baldauf, Marco"]
[Result "0-1"]
[WhiteElo "2241"]
[BlackElo "2503"]
[PlyCount "52"]
[EventDate "2020.03.28"]
[EventType "swiss (blitz)"]
[EventRounds "13"]
[EventCountry "GER"]
[SourceTitle "CBM 195 Extra"]
[Source "ChessBase"]
[SourceDate "2020.05.31"]
[SourceVersion "1"]
[SourceVersionDate "2020.05.31"]
[SourceQuality "1"]

1. d4 d5 2. Bf4 c5 3. e3 cxd4 4. exd4 Nc6 5. c3 f6 6. Nf3 g5 7. Nxg5 fxg5 8. Qh5+ Kd7 9. Bxg5 Qe8 10. Qf3 e6 11. Bd3 Be7 12. Bf4 Qf8 13. 0-0 Bd6 14. g3 Bxf4 15. gxf4 Nge7 16. Nd2 Kc7 17. Kh1 Bd7 18. b4 Ng6 19. f5 exf5 20. b5 Nce7 21. Nb3 Qh6 22. Rfe1 Rae8 23. Nc5 Qf4 24. Qe2 Nc8 25. Qc2 Qf3+ 26. Kg1 Nf4 0-1

[Event "GER-ch Net blitz qual5"]
[Site "Playchess.com INT"]
[Date "2020.03.28"]
[Round "2"]
[White "Perhinig, Robert"]
[Black "Butcher, Daniel"]
[Result "1-0"]
[WhiteElo "2241"]
[BlackElo "1980"]
[PlyCount "79"]
[EventDate "2020.03.28"]
[EventType "swiss (blitz)"]
[EventRounds "13"]
[EventCountry "GER"]
[SourceTitle "CBM 195 Extra"]
[Source "ChessBase"]
[SourceDate "2020.05.31"]
[SourceVersion "1"]
[SourceVersionDate "2020.05.31"]
[SourceQuality "1"]

1. d4 c5 2. d5 d6 3. e4 g6 4. c4 Bg7 5. Nc3 e6 6. Nf3 Ne7 7. Bd3 a6 8. 0-0 0-0 9. Bg5 h6 10. Bf4 e5 11. Bd2 f5 12. exf5 gxf5 13. Nh4 Kh7 14. Qh5 Bd7 15. g3 Be8 16. Qe2 e4 17. Bc2 Nd7 18. f3 exf3 19. Nxf3 Bh5 20. Qf2 Ng6 21. Kg2 Qf6 22. Rae1 Rae8 23. Re6 Rxe6 24. dxe6 Qxe6 25. Nd5 Bxf3+ 26. Qxf3 Nde5 27. Qe2 b5 28. b3 f4 29. Nxf4 Qd7 30. Nxg6 Nxg6 31. Qe4 Qe8 32. Rxf8 Bxf8 33. h4 Qxe4+ 34. Bxe4 h5 35. g4 Kg7 36. Bxg6 Kxg6 37. Kf3 hxg4+ 38. Kxg4 Bg7 39. h5+ Kf6 40. h6 1-0

[Event "GER-ch Net blitz qual5"]
[Site "Playchess.com INT"]
[Date "2020.03.28"]
[Round "1"]
[White "Perhinig, Robert"]
[Black "Hassemeier, Mika"]
[Result "0-1"]
[WhiteElo "2241"]
[BlackElo "2072"]
[PlyCount "124"]
[EventDate "2020.03.28"]
[EventType "swiss (blitz)"]
[EventRounds "13"]
[EventCountry "GER"]
[SourceTitle "CBM 195 Extra"]
[Source "ChessBase"]
[SourceDate "2020.05.31"]
[SourceVersion "1"]
[SourceVersionDate "2020.05.31"]
[SourceQuality "1"]

1. d4 Nf6 2. Bg5 Ne4 3. Bf4 c5 4. f3 Qa5+ 5. c3 Nf6 6. d5 d6 7. e4 g6 8. Nd2 Bg7 9. Nc4 Qd8 10. a4 0-0 11. Qd2 Re8 12. h4 h5 13. Ne2 b6 14. Nc1 Nbd7 15. Be2 a6 16. 0-0 Bb7 17. Nd3 b5 18. axb5 axb5 19. Rxa8 Qxa8 20. Ne3 Qa6 21. Kh2 e6 22. dxe6 Rxe6 23. b4 c4 24. Nf2 Ne5 25. Rd1 Nfd7 26. Nd5 Bxd5 27. Qxd5 Nf6 28. Qd2 Nfd7 29. Nh3 Bf6 30. Bg5 Bxg5 31. Nxg5 Rf6 32. Nh3 Qc6 33. Qh6 Nf8 34. Rd5 Ned7 35. Qd2 Re6 36. Nf4 Rf6 37. Rg5 Ne5 38. Nd5 Re6 39. Rg3 Qe8 40. Nc7 Qe7 41. Nxe6 Nxe6 42. f4 Qxh4+ 43. Rh3 Qxf4+ 44. Qxf4 Nxf4 45. Re3 Nxe2 46. Rxe2 Kg7 47. Ra2 Ng4+ 48. Kg3 Ne3 49. Ra5 Nd1 50. Rxb5 Nxc3 51. Rb6 Nxe4+ 52. Kf4 d5 53. Rb8 c3 54. b5 f5 55. b6 Nd6 56. Rd8 c2 57. Rd7+ Kh6 58. Rc7 Nc4 59. b7 c1Q+ 60. Kg3 Qe3+ 61. Kh2 Qe5+ 62. Kh1 Qxc7 0-1